000
00279nam a2200109Ia 4500
008
200302s9999 xx 000 0 und d
100
_a
Josef Feller
245
_a
Traditional Ironwork Designs
260
_b
Dover Publication Inc mineola /New York
260
_c
2005
300
_a
91 P
999
_c
4324
_d
4324